<?xml version="1.0" encoding="UTF-8"?>
<record
    xmlns:xsi="http://www.w3.org/2001/XMLSchema-instance"
    xsi:schemaLocation="http://www.loc.gov/MARC21/slim http://www.loc.gov/standards/marcxml/schema/MARC21slim.xsd"
    xmlns="http://www.loc.gov/MARC21/slim">

  <leader>02732nam a2200301Ia 4500</leader>
  <controlfield tag="003">OSt</controlfield>
  <controlfield tag="005">20221112095111.0</controlfield>
  <controlfield tag="008">210210b2019   xxu||||| |||| 00| 0 eng d</controlfield>
  <datafield tag="020" ind1=" " ind2=" ">
    <subfield code="a">9789386245427</subfield>
  </datafield>
  <datafield tag="040" ind1=" " ind2=" ">
    <subfield code="c">Aloy</subfield>
  </datafield>
  <datafield tag="041" ind1=" " ind2=" ">
    <subfield code="a">eng</subfield>
  </datafield>
  <datafield tag="082" ind1=" " ind2=" ">
    <subfield code="a">333.7 </subfield>
    <subfield code="2">23</subfield>
    <subfield code="b">KARE</subfield>
  </datafield>
  <datafield tag="100" ind1=" " ind2=" ">
    <subfield code="a">Karpagam M</subfield>
    <subfield code="9">22326</subfield>
  </datafield>
  <datafield tag="245" ind1=" " ind2=" ">
    <subfield code="a">Environmental Economics:</subfield>
    <subfield code="b">A Textbook</subfield>
  </datafield>
  <datafield tag="250" ind1=" " ind2=" ">
    <subfield code="a">3</subfield>
  </datafield>
  <datafield tag="260" ind1=" " ind2=" ">
    <subfield code="a">New Delhi</subfield>
    <subfield code="b">Sterlilng Publishers Pvt Ltd.,</subfield>
    <subfield code="c">2019</subfield>
  </datafield>
  <datafield tag="300" ind1=" " ind2=" ">
    <subfield code="a">xii,477p.</subfield>
    <subfield code="b">PB</subfield>
    <subfield code="c">24X17cm.</subfield>
  </datafield>
  <datafield tag="365" ind1=" " ind2=" ">
    <subfield code="2">Economics</subfield>
    <subfield code="c">&#x20B9;</subfield>
    <subfield code="d">399.00</subfield>
    <subfield code="f">17-02-2021</subfield>
  </datafield>
  <datafield tag="520" ind1=" " ind2=" ">
    <subfield code="a">This book concentrates on environmental economics with emphasis on policy measures at national and global level to achieve sustainable development. This third edition of the book is an enlarged version of the earlier editions and provides a clear easy-to-understand overview of the subject that is gaining importance among present day teachers, students and researchers in economics. The objective of the third edition is to update the second edition and make the book more informative.Changes have been made in almost all chapters in this revised edition, besides the newly added chapters. Almost all the chapters of the earlier editions have been rewritten, incorporating latest ideas and information from academic and policy documents in appropriate contexts. Extensive enlargement of existing chapters complement the new chapters, particularly those on policy instruments, and practice of environmental policy at national and international level and sustainable development. The concept and theories in the various chapters are supported with suitable case studies. Every chapter contains exercises to encourage the students to take up short projects or to write articles on environment related issues.The author of the book, Dr. M Karpagam, is a retired Professor of Economics. During her long career of 33 years at Meenakshi College for Women , Chennai -24, she specialized in teaching environmental economics. She has published and presented papers on themes related to environmental economics in national and international journals and conferences. Her doctoral thesis was on water pollution control policy in select Asian countries. She has co-authored with her colleague, Dr. Geetha Jaikumar, a book titled &#xE2;&#x20AC;&#x153;Green Management: Theory and Applications&#xE2;&#x20AC;&#x9D;, published by Ane Books Pvt. Ltd., New Delhi. The author retired as Principal of Meenakshi College for Women.</subfield>
  </datafield>
  <datafield tag="650" ind1=" " ind2=" ">
    <subfield code="a">Economics, Ecology, Ethics</subfield>
    <subfield code="9">22329</subfield>
  </datafield>
  <datafield tag="650" ind1=" " ind2=" ">
    <subfield code="a">Environmental Development</subfield>
    <subfield code="9">22330</subfield>
  </datafield>
  <datafield tag="650" ind1=" " ind2=" ">
    <subfield code="a">Welfare Economics</subfield>
    <subfield code="9">22331</subfield>
  </datafield>
  <datafield tag="650" ind1=" " ind2=" ">
    <subfield code="a">Environmental Policy</subfield>
    <subfield code="9">22332</subfield>
  </datafield>
  <datafield tag="650" ind1=" " ind2=" ">
    <subfield code="a">Envrionmental Protection</subfield>
    <subfield code="9">22333</subfield>
  </datafield>
  <datafield tag="700" ind1=" " ind2=" ">
    <subfield code="d">KARPAGAM (M)</subfield>
    <subfield code="9">22328</subfield>
  </datafield>
  <datafield tag="906" ind1=" " ind2=" ">
    <subfield code="a">073852</subfield>
  </datafield>
  <datafield tag="942" ind1=" " ind2=" ">
    <subfield code="2">ddc</subfield>
    <subfield code="c">BK</subfield>
  </datafield>
  <datafield tag="999" ind1=" " ind2=" ">
    <subfield code="c">123600</subfield>
    <subfield code="d">123600</subfield>
  </datafield>
  <datafield tag="952" ind1=" " ind2=" ">
    <subfield code="0">0</subfield>
    <subfield code="1">0</subfield>
    <subfield code="2">ddc</subfield>
    <subfield code="4">0</subfield>
    <subfield code="7">0</subfield>
    <subfield code="8">ECO</subfield>
    <subfield code="a">AL</subfield>
    <subfield code="b">AL</subfield>
    <subfield code="d">2021-02-17</subfield>
    <subfield code="e">Biblios Book Point, Surathkal-575014</subfield>
    <subfield code="g">399.00</subfield>
    <subfield code="l">1</subfield>
    <subfield code="o">333.7 KARE</subfield>
    <subfield code="p">073852</subfield>
    <subfield code="r">2022-03-04 00:00:00</subfield>
    <subfield code="s">2022-03-02</subfield>
    <subfield code="w">2021-02-17</subfield>
    <subfield code="y">BK</subfield>
  </datafield>
  <datafield tag="952" ind1=" " ind2=" ">
    <subfield code="0">0</subfield>
    <subfield code="1">0</subfield>
    <subfield code="2">ddc</subfield>
    <subfield code="4">0</subfield>
    <subfield code="7">0</subfield>
    <subfield code="8">ECO</subfield>
    <subfield code="a">AL</subfield>
    <subfield code="b">AL</subfield>
    <subfield code="d">2022-02-25</subfield>
    <subfield code="e">Sapna Book House Pvt Ltd. Mangalore-575001</subfield>
    <subfield code="g">319.00</subfield>
    <subfield code="l">0</subfield>
    <subfield code="o">333.7 KARE</subfield>
    <subfield code="p">075549</subfield>
    <subfield code="r">2022-03-02 00:00:00</subfield>
    <subfield code="v">399.00</subfield>
    <subfield code="w">2022-03-02</subfield>
    <subfield code="y">BK</subfield>
  </datafield>
</record>
